000 00447nam a22001697a 4500
999 _c12233
_d12233
008 220823b ||||| |||| 00| 0 eng d
020 _a9788183225090
082 _a791.45
_bMUR
100 _aMurphy, Joseph, Dr.
245 _aBelieve in yourself
260 _aUttar Pradesh
_bManjul Publishing House
_c2021
300 _a73p.
650 _aClassroom management
650 _aSelf-confidence
650 _aBehavior modification
942 _cBK